000 00457cam a22001934a 4500
005 20250605164154.0
008 250528s ||||||||||||||||||||||||d
035 _a19528
020 _a669052671
040 _aGR-AtMCL
_bgre
_dGR-AtMCL
_eAACR2
245 1 _aTHE AMERICAN PAGEANT - VOLUME II
250 _a7
260 _bAddison-Wesley,
_c1979
300 _a944
700 1 _aThomas A. Bailey
_95759
942 _cBK
999 _c4784
_d4784